[Event "Prague Summer op-B 3rd"]
[Site "Prague"]
[Date "2016.08.07"]
[Round "3"]
[White "Kalvach, Ladislav"]
[Black "Bartos, Miroslav"]
[Result "1-0"]
[WhiteElo "1797"]
[BlackElo "1881"]
[PlyCount "125"]
[EventDate "2016.08.05"]
[EventType "swiss"]
[EventRounds "9"]
[EventCountry "CZE"]
[SourceTitle "CBM 173 Extra"]
[Source "ChessBase"]
[SourceDate "2016.08.29"]
[SourceVersion "1"]
[SourceVersionDate "2016.08.29"]
[SourceQuality "1"]

1. e4 g6 2. d4 Bg7 3. c3 d6 4. Bd3 a6 5. Ne2 Nd7 6. 0-0 Ngf6 7. f4 0-0 8. e5 Ne8 9. Na3 b5 10. Be4 Rb8 11. Be3 Nb6 12. Qb3 d5 13. Bd3 Bf5 14. Bxf5 gxf5 15. Rf3 Kh8 16. Raf1 Rg8 17. Rh3 Bf8 18. Bf2 Nc4 19. Qc2 e6 20. Nb1 Be7 21. b3 Nb6 22. Nd2 Rc8 23. Nf3 Rg4 24. Rg3 Rg6 25. Qd2 h6 26. Rh3 Kh7 27. Ng3 Ng7 28. Kh1 c5 29. Rc1 cxd4 30. cxd4 Rxc1+ 31. Qxc1 Qc8 32. Qxc8 Nxc8 33. Be1 f6 34. Ne2 Na7 35. exf6 Bxf6 36. Ne5 Bxe5 37. dxe5 Ne8 38. Nd4 Kg8 39. Ba5 Kf7 40. Rc3 Ke7 41. Bb6 b4 42. Bc5+ Kd7 43. Bxb4 Nb5 44. Nxb5 axb5 45. Ba5 b4 46. Rc1 h5 47. g3 h4 48. Kg2 Ng7 49. Kf3 Nh5 50. Rg1 Rg4 51. Rg2 Kc6 52. Bxb4 Kb5 53. Be1 h3 54. a4+ Kb6 55. Rc2 Rg8 56. b4 Kb7 57. a5 Rd8 58. b5 d4 59. Rc6 d3 60. a6+ Kb8 61. Bd2 Rd4 62. b6 Re4 63. Rxe6 1-0

[Event "Prague Golden op 12th"]
[Site "Prague"]
[Date "2016.06.19"]
[Round "1"]
[White "Bartos, Miroslav"]
[Black "Postupa, Pavel1111"]
[Result "0-1"]
[WhiteElo "1862"]
[BlackElo "2241"]
[PlyCount "58"]
[EventDate "2016.06.19"]
[EventType "swiss"]
[EventRounds "9"]
[EventCountry "CZE"]
[SourceTitle "CBM 173 Extra"]
[Source "ChessBase"]
[SourceDate "2016.08.29"]
[SourceVersion "1"]
[SourceVersionDate "2016.08.29"]
[SourceQuality "1"]

1. c4 e5 2. g3 Nf6 3. Bg2 d5 4. cxd5 Nxd5 5. Nc3 Nb6 6. Nf3 Nc6 7. 0-0 Be7 8. d3 0-0 9. b3 Be6 10. Bb2 f6 11. Rc1 Rf7 12. Ne4 Bf8 13. Nc5 Bxc5 14. Rxc5 Rd7 15. Qa1 a5 16. Nd2 Bd5 17. Bh3 Rd6 18. Ne4 Bxe4 19. dxe4 a4 20. Qc1 axb3 21. axb3 Ra2 22. Bc3 Rxe2 23. Bg4 Ra2 24. Qb1 Ra8 25. f4 Qe7 26. fxe5 Rd1 27. exf6 Qxc5+ 28. Kg2 Rxb1 29. Be6+ Kf8 0-1

[Event "Prague op-B 15th"]
[Site "Prague"]
[Date "2016.01.12"]
[Round "6"]
[White "Poborsky, Josef"]
[Black "Bartos, Miroslav"]
[Result "0-1"]
[WhiteElo "1964"]
[BlackElo "1740"]
[PlyCount "58"]
[EventDate "2016.01.08"]
[EventType "swiss"]
[EventRounds "9"]
[EventCountry "CZE"]
[SourceTitle "CBM 170 Extra"]
[Source "ChessBase"]
[SourceDate "2016.02.25"]
[SourceVersion "1"]
[SourceVersionDate "2016.02.25"]
[SourceQuality "1"]

1. e4 g6 2. d4 Bg7 3. Nc3 d6 4. Nf3 Nd7 5. Bd2 a6 6. Be2 b5 7. a3 Bb7 8. 0-0 c5 9. d5 Ngf6 10. Bd3 c4 11. Be2 Nc5 12. Be3 Ncxe4 13. Bd4 Nxc3 14. Bxc3 0-0 15. Bxf6 Bxf6 16. c3 Qb6 17. Qd2 Rac8 18. Ng5 Bg7 19. Nh3 e6 20. dxe6 fxe6 21. Bg4 Rce8 22. Qe2 e5 23. Ng5 d5 24. Nf3 d4 25. Nd2 e4 26. cxd4 Bxd4 27. Nb1 Rxf2 28. Rxf2 Rf8 29. Bf3 exf3 0-1

[Event "Karlovy Vary op"]
[Site "Karlovy Vary"]
[Date "2011.05.02"]
[Round "7"]
[White "Krejcik, Jiri"]
[Black "Bartos, Miroslav"]
[Result "1-0"]
[WhiteElo "2091"]
[BlackElo "1947"]
[PlyCount "51"]
[EventDate "2011.04.28"]
[EventType "swiss"]
[EventRounds "8"]
[EventCountry "CZE"]
[SourceTitle "CBM 142 Extra"]
[Source "ChessBase"]
[SourceDate "2011.06.27"]
[SourceVersion "1"]
[SourceVersionDate "2011.06.27"]
[SourceQuality "1"]

1. e4 c5 2. Nf3 Nc6 3. d4 cxd4 4. Nxd4 g6 5. Bc4 Bg7 6. Be3 d6 7. 0-0 Nf6 8. Nc3 0-0 9. Bb3 Bd7 10. Re1 a6 11. Nxc6 Bxc6 12. Bg5 Qd7 13. Nd5 Qd8 14. c3 Kh8 15. Qf3 Ng8 16. Rad1 f6 17. Be3 e5 18. Bb6 Qd7 19. Qd3 Bxd5 20. Qxd5 Ne7 21. Qxd6 Qxd6 22. Rxd6 Nc8 23. Re6 Rf7 24. Bc5 Na7 25. a4 Rd7 26. Bxa7 1-0

[Event "Karlovy Vary op"]
[Site "Karlovy Vary"]
[Date "2011.04.29"]
[Round "2"]
[White "Vorobyov, Yurij"]
[Black "Bartos, Miroslav"]
[Result "1-0"]
[WhiteElo "2212"]
[BlackElo "1947"]
[PlyCount "53"]
[EventDate "2011.04.28"]
[EventType "swiss"]
[EventRounds "8"]
[EventCountry "CZE"]
[SourceTitle "CBM 142 Extra"]
[Source "ChessBase"]
[SourceDate "2011.06.27"]
[SourceVersion "1"]
[SourceVersionDate "2011.06.27"]
[SourceQuality "1"]

1. Nf3 Nf6 2. c4 c5 3. d4 cxd4 4. Nxd4 Nc6 5. Nc3 d6 6. e4 g6 7. Be2 Bg7 8. Be3 0-0 9. 0-0 a6 10. Rc1 Qc7 11. Qd2 e6 12. f3 Ne7 13. Rfd1 Rd8 14. Bf1 Bd7 15. Kh1 b6 16. Nb3 Bc6 17. Nd5 Bxd5 18. cxd5 Qb7 19. dxe6 fxe6 20. Qb4 Nc8 21. Nc5 dxc5 22. Rxd8+ Kf7 23. Qd2 Ne7 24. Rxa8 Qxa8 25. Qd6 Nxe4 26. fxe4 Qxe4 27. Bf4 1-0

[Event "Pardubice KV op"]
[Site "Pardubice"]
[Date "2010.??.??"]
[Round "6"]
[White "Bartos, Miroslav"]
[Black "Holes, Michal"]
[Result "1-0"]
[WhiteElo "1940"]
[BlackElo "1900"]
[PlyCount "61"]
[EventDate "2010.07.??"]
[EventType "swiss"]
[EventRounds "7"]
[EventCountry "CZE"]
[SourceTitle "EXT 2012"]
[Source "ChessBase"]
[SourceDate "2011.11.24"]
[SourceVersion "1"]
[SourceVersionDate "2011.11.24"]
[SourceQuality "1"]

1. e4 c5 2. c3 Nf6 3. e5 Nd5 4. d4 e6 5. f4 cxd4 6. Qxd4 Nc6 7. Qf2 d6 8. exd6 Bxd6 9. g3 Qe7 10. Bb5 Bc5 11. Qe2 Bd7 12. Nf3 Nc7 13. Ba4 b5 14. Bc2 Nd5 15. Be4 Nf6 16. Ne5 Nxe5 17. Bxa8 Nc6 18. Qxb5 Qd6 19. Qe2 0-0 20. Bxc6 Bxc6 21. Rf1 Rd8 22. Nd2 Ne4 23. Nxe4 Bxe4 24. Be3 Bd3 25. Bxc5 Qxc5 26. Rd1 Qd5 27. Qe3 Qxa2 28. Rxd3 Qb1+ 29. Ke2 Qxb2+ 30. Rd2 Qb5+ 31. Kf2 1-0

[Event "Pardubice KV op"]
[Site "Pardubice"]
[Date "2010.??.??"]
[Round "4"]
[White "Bartos, Miroslav"]
[Black "Krejcik, Jiri"]
[Result "0-1"]
[WhiteElo "1940"]
[BlackElo "2085"]
[PlyCount "114"]
[EventDate "2010.07.??"]
[EventType "swiss"]
[EventRounds "7"]
[EventCountry "CZE"]
[SourceTitle "EXT 2012"]
[Source "ChessBase"]
[SourceDate "2011.11.24"]
[SourceVersion "1"]
[SourceVersionDate "2011.11.24"]
[SourceQuality "1"]

1. e4 e5 2. Nf3 Nc6 3. Bc4 Nf6 4. d3 d6 5. Nc3 Be7 6. h3 Na5 7. Bb3 c6 8. 0-0 h6 9. d4 Qc7 10. Re1 g5 11. dxe5 dxe5 12. Nh2 Bd7 13. Qf3 0-0-0 14. Nd1 Rhf8 15. Ne3 Kb8 16. Nf5 Bxf5 17. Qxf5 Rg8 18. g3 Rg7 19. Nf3 Nd7 20. Rd1 Bd6 21. Bd2 Rg6 22. Bc3 Rf6 23. Qg4 Nxb3 24. axb3 Rh8 25. Ne1 Nc5 26. Rd2 Ne6 27. Nd3 Nd4 28. Bxd4 exd4 29. Re1 Re6 30. Qf5 Rhe8 31. Rde2 f6 32. Nc5 R6e7 33. Kg2 h5 34. Nd3 h4 35. g4 Rf7 36. Nc5 Re5 37. Na6+ bxa6 38. Qf3 Bb4 39. Rd1 c5 40. Qd3 Qc6 41. Qc4 Rfe7 42. Rxd4 Qb7 43. Rd8+ Kc7 44. Rd4 Qb5 45. c3 Ba5 46. b4 Bb6 47. bxc5 Rxc5 48. Qg8 Qe8 49. Qa2 Kb7 50. Ra4 a5 51. Rd4 Rce5 52. Ra4 Qc6 53. f3 Rd7 54. Rc4 Rc5 55. Ra4 Qd6 56. Kf1 Qd1+ 57. Kf2 Rc4+ 0-1

[Event "Karlovy Vary op"]
[Site "Karlovy Vary"]
[Date "2009.05.03"]
[Round "7"]
[White "Bartos, Miroslav"]
[Black "Ciprian, Jiri"]
[Result "1-0"]
[WhiteElo "1785"]
[BlackElo "2024"]
[PlyCount "63"]
[EventDate "2009.04.29"]
[EventType "swiss"]
[EventRounds "7"]
[EventCountry "CZE"]
[SourceTitle "CBM 130 Extra"]
[Source "ChessBase"]
[SourceDate "2009.07.02"]
[SourceVersion "2"]
[SourceVersionDate "2009.07.15"]
[SourceQuality "1"]

1. e4 c6 2. d4 d5 3. exd5 cxd5 4. g3 Nf6 5. Bg2 g6 6. Ne2 Bg7 7. 0-0 0-0 8. c3 Nc6 9. Qb3 Na5 10. Qd1 Bf5 11. Nf4 Rc8 12. Nd2 g5 13. Nh5 Nxh5 14. Qxh5 h6 15. f4 Bg6 16. Qe2 e6 17. Nf3 gxf4 18. Bxf4 Nc4 19. Rf2 Be4 20. Nh4 f5 21. Qh5 Qe8 22. Qe2 e5 23. dxe5 Nxe5 24. Bxe5 Bxe5 25. Bxe4 fxe4 26. Qg4+ Bg7 27. Nf5 Rc7 28. Nxh6+ Kh7 29. Nf5 Rf6 30. Qh4+ Rh6 31. Nxh6 Bxh6 32. Rf6 1-0

[Event "Karlovy Vary op"]
[Site "Karlovy Vary"]
[Date "2009.04.30"]
[Round "2"]
[White "Holes, Michal"]
[Black "Bartos, Miroslav"]
[Result "1-0"]
[WhiteElo "1893"]
[BlackElo "1785"]
[PlyCount "47"]
[EventDate "2009.04.29"]
[EventType "swiss"]
[EventRounds "7"]
[EventCountry "CZE"]
[SourceTitle "CBM 130 Extra"]
[Source "ChessBase"]
[SourceDate "2009.07.02"]
[SourceVersion "2"]
[SourceVersionDate "2009.07.15"]
[SourceQuality "1"]

1. e4 e5 2. d4 exd4 3. c3 dxc3 4. Bc4 d6 5. Nf3 Nc6 6. Nxc3 h6 7. Qb3 Qe7 8. 0-0 g5 9. Nd5 Qd8 10. Qc3 Rh7 11. Nd4 Nxd4 12. Qxd4 Bg7 13. Qd3 Be5 14. f4 gxf4 15. Bxf4 Be6 16. Bxe5 dxe5 17. Qg3 Kf8 18. Qxe5 Bxd5 19. Bxd5 c6 20. Qf5 Nf6 21. Bb3 Kg7 22. Rad1 Qe7 23. Rd3 Ng8 24. Rd7 1-0